[Event "Montreal Match"]
[Site "Montreal CAN"]
[Date "2000.08.20"]
[Round "4"]
[White "Miladinovic, Igor"]
[Black "Charbonneau, Pascal"]
[Result "0-1"]
[WhiteElo "2563"]
[BlackElo "2326"]
[PlyCount "96"]
[GameId "2160767911652741"]
[EventDate "2000.08.17"]
[EventType "match"]
[EventRounds "6"]
[EventCountry "CAN"]
[SourceTitle "CBM 079"]
[Source "ChessBase"]
[SourceDate "2000.11.21"]
[SourceVersion "1"]
[SourceVersionDate "2000.11.21"]
[SourceQuality "1"]

1. Nf3 c5 2. b3 Nf6 3. Bb2 e6 4. e3 Be7 5. d4 cxd4 6. exd4 b6 7. Bd3 Bb7 8. O-O O-O 9. Re1 d6 10. Nbd2 Nbd7 11. a4 Rc8 12. a5 Nd5 13. axb6 axb6 14. c4 Nb4 15. Bb1 Nf6 16. d5 e5 17. Ng5 b5 18. Qf3 g6 19. Qh3 h5 20. Bc3 Na6 21. Qg3 Ng4 22. Ba5 Nc7 23. h4 Ra8 24. b4 bxc4 25. Nxc4 Qe8 26. f3 Nf6 27. Bxg6 fxg6 28. Bxc7 Rxa1 29. Rxa1 Bxd5 30. Ne3 Kh8 31. Ra7 Bg8 32. Ba5 Nd7 33. Qh3 Nb8 34. Rc7 d5 35. Ne6 Rf6 36. Nc5 Rc6 37. Qg3 Bd6 38. Rxc6 Nxc6 39. Nb7 Bf8 40. Bc7 Bxb4 41. Qg5 Kh7 42. Nd6 Qf8 43. Nef5 Be6 44. g4 hxg4 45. fxg4 gxf5 46. gxf5 Bf7 47. f6 Bxd6 48. Bxd6 Qg8 0-1

[Event "Montreal Match"]
[Site "Montreal CAN"]
[Date "2000.08.21"]
[Round "5"]
[White "Charbonneau, Pascal"]
[Black "Miladinovic, Igor"]
[Result "1-0"]
[WhiteElo "2326"]
[BlackElo "2563"]
[PlyCount "81"]
[GameId "2160767911652742"]
[EventDate "2000.08.17"]
[EventType "match"]
[EventRounds "6"]
[EventCountry "CAN"]
[SourceTitle "CBM 079"]
[Source "ChessBase"]
[SourceDate "2000.11.21"]
[SourceVersion "1"]
[SourceVersionDate "2000.11.21"]
[SourceQuality "1"]

1. e4 g6 2. d4 Bg7 3. Nc3 d6 4. Be3 c6 5. Qd2 Nd7 6. Nf3 Ngf6 7. h3 O-O 8. Bd3 b5 9. O-O e5 10. dxe5 dxe5 11. a4 b4 12. Ne2 a5 13. c3 Qe7 14. cxb4 axb4 15. Rfc1 Bb7 16. Qc2 Ne8 17. Nd2 Nc7 18. Nb3 Ne6 19. a5 Ba6 20. Bxa6 Rxa6 21. Qd3 Rfa8 22. Rc2 c5 23. Rac1 Rd6 24. Qb5 Nd4 25. Nexd4 exd4 26. Bf4 Be5 27. Bxe5 Qxe5 28. Qd3 Qe7 29. f4 g5 30. e5 Re6 31. Nxc5 Nxc5 32. Rxc5 gxf4 33. Qxd4 Qg5 34. Rf1 Rg6 35. Qe4 Rd8 36. Rc2 b3 37. Re2 Rc8 38. Ref2 Rc5 39. Rxf4 Rxa5 40. Rxf7 Qxe5 41. Qb7 1-0

[Event "Montreal Match"]
[Site "Montreal CAN"]
[Date "2000.08.22"]
[Round "6"]
[White "Miladinovic, Igor"]
[Black "Charbonneau, Pascal"]
[Result "1-0"]
[WhiteElo "2563"]
[BlackElo "2326"]
[PlyCount "47"]
[GameId "2160767911652743"]
[EventDate "2000.08.17"]
[EventType "match"]
[EventRounds "6"]
[EventCountry "CAN"]
[SourceTitle "CBM 079"]
[Source "ChessBase"]
[SourceDate "2000.11.21"]
[SourceVersion "1"]
[SourceVersionDate "2000.11.21"]
[SourceQuality "1"]

1. d4 d5 2. Bg5 h6 3. Bh4 c6 4. e3 Qb6 5. Qc1 e5 6. Nf3 e4 7. Nfd2 Ne7 8. c4 Nf5 9. Bg3 Nxg3 10. hxg3 Be6 11. Nc3 Be7 12. Qc2 O-O 13. Qb3 Nd7 14. Be2 f5 15. Qxb6 Nxb6 16. c5 Nd7 17. b4 b5 18. Nb3 Nb6 19. a4 bxa4 20. Na5 Rfc8 21. Ba6 Rc7 22. Bb7 Rb8 23. Bxc6 Nc4 24. Bxd5 1-0

[Event "Montreal int."]
[Site "Montreal CAN"]
[Date "2000.08.04"]
[Round "2"]
[White "Hebert, Jean"]
[Black "Charbonneau, Pascal"]
[Result "1-0"]
[WhiteElo "2428"]
[BlackElo "2326"]
[PlyCount "105"]
[GameId "2160767911652863"]
[EventDate "2000.08.03"]
[EventType "tourn"]
[EventRounds "11"]
[EventCountry "CAN"]
[EventCategory "9"]
[SourceTitle "CBM 079"]
[Source "ChessBase"]
[SourceDate "2000.11.21"]
[SourceVersion "1"]
[SourceVersionDate "2000.11.21"]
[SourceQuality "1"]

1. d4 d5 2. c4 dxc4 3. e4 c5 4. Nf3 cxd4 5. Qxd4 Qxd4 6. Nxd4 Bd7 7. Bxc4 Nc6 8. Nxc6 Bxc6 9. Nc3 e6 10. Be3 Bb4 11. f3 Nf6 12. a3 Bxc3+ 13. bxc3 O-O 14. a4 Rfc8 15. Bd3 Be8 16. Kd2 Nd7 17. Rhb1 Ne5 18. Be2 Bc6 19. Bd4 Nd7 20. Bb5 e5 21. Be3 Nb6 22. Bxb6 axb6 23. Kc2 Kf8 24. Bxc6 Rxc6 25. Rd1 Ke7 26. Rd5 Ke6 27. Kb3 Rac8 28. Rc1 f6 29. c4 Rd6 30. Kb4 Kd7 31. Kb5 Rc5+ 32. Rxc5 bxc5 33. Rc2 Rd1 34. Rb2 Ra1 35. Kxc5 Kc7 36. Kd5 Rxa4 37. Ke6 Ra6+ 38. Kf7 g5 39. g4 Rd6 40. c5 Rc6 41. Kg7 h6 42. Kg6 Kc8 43. Rb5 Ra6 44. Rb6 Kc7 45. Kxf6 Rxb6+ 46. cxb6+ Kxb6 47. Kxe5 Kc5 48. Kf6 b5 49. e5 b4 50. e6 b3 51. e7 b2 52. e8=Q b1=Q 53. Qe5+ 1-0

[Event "Montreal int."]
[Site "Montreal CAN"]
[Date "2000.08.05"]
[Round "3"]
[White "Charbonneau, Pascal"]
[Black "Tyomkin, Dimitri"]
[Result "1/2-1/2"]
[WhiteElo "2326"]
[BlackElo "2522"]
[PlyCount "68"]
[GameId "2160767911652869"]
[EventDate "2000.08.03"]
[EventType "tourn"]
[EventRounds "11"]
[EventCountry "CAN"]
[EventCategory "9"]
[SourceTitle "CBM 079"]
[Source "ChessBase"]
[SourceDate "2000.11.21"]
[SourceVersion "1"]
[SourceVersionDate "2000.11.21"]
[SourceQuality "1"]

1. e4 c5 2. c3 d5 3. exd5 Qxd5 4. d4 g6 5. Na3 cxd4 6. Nb5 Na6 7. Qxd4 Qxd4 8. Nxd4 Nf6 9. Ngf3 Bg7 10. Bc4 O-O 11. O-O Nc5 12. Re1 e6 13. Bf4 Bd7 14. Ne5 Rfc8 15. Nxd7 Ncxd7 16. Bb3 Nc5 17. Bc2 Nd5 18. Be5 Bxe5 19. Rxe5 a6 20. a4 Rc7 21. Ree1 Rac8 22. Nb3 Nxb3 23. Bxb3 Nf6 24. Rad1 Kf8 25. f3 Ke7 26. Kf2 Rc6 27. Re2 Rb6 28. Ba2 Rc5 29. Rd4 Ne8 30. Rc4 Rxc4 31. Bxc4 Nd6 32. Bd3 Rc6 33. Ke1 Rc5 34. Kd2 Nc4+ 1/2-1/2

[Event "Montreal int."]
[Site "Montreal CAN"]
[Date "2000.08.06"]
[Round "4"]
[White "Lazarev, Vladimir"]
[Black "Charbonneau, Pascal"]
[Result "1/2-1/2"]
[WhiteElo "2478"]
[BlackElo "2326"]
[PlyCount "105"]
[GameId "2160767911652877"]
[EventDate "2000.08.03"]
[EventType "tourn"]
[EventRounds "11"]
[EventCountry "CAN"]
[EventCategory "9"]
[SourceTitle "CBM 079"]
[Source "ChessBase"]
[SourceDate "2000.11.21"]
[SourceVersion "1"]
[SourceVersionDate "2000.11.21"]
[SourceQuality "1"]

1. d4 d5 2. c4 dxc4 3. Nf3 Nf6 4. e3 e6 5. Bxc4 c5 6. O-O a6 7. Bb3 Nc6 8. Nc3 b5 9. Qe2 Qb6 10. d5 Nxd5 11. Nxd5 exd5 12. Bxd5 Ra7 13. a4 b4 14. h3 Be7 15. e4 O-O 16. Be3 Be6 17. Rfd1 Rc7 18. Rac1 Na5 19. Rd3 Bxd5 20. Rxd5 Nb3 21. Rc4 Na5 22. Rc1 Nb3 23. Rc4 Na5 24. Rc2 b3 25. Rc1 Qe6 26. Bd2 Nc6 27. Qc4 Bf6 28. Bc3 Ne7 29. Ba5 Rb7 30. Rd2 Nc6 31. Qxe6 fxe6 32. Rxc5 Nxa5 33. Rxa5 Bc3 34. bxc3 b2 35. Rxb2 Rxb2 36. Rxa6 Rd8 37. Rxe6 Rd1+ 38. Kh2 Rxf2 39. e5 Ra1 40. Kg3 Raa2 41. Ra6 Rxg2+ 42. Kf4 Rgc2 43. e6 Kf8 44. Ke5 Rxc3 45. Ra8+ Ke7 46. Ra7+ Kf8 47. Ra8+ Ke7 48. Ra7+ Kf8 49. Nd4 Rc8 50. Rf7+ Kg8 51. Ra7 Kf8 52. Rf7+ Kg8 53. Ra7 1/2-1/2

[Event "Montreal int."]
[Site "Montreal CAN"]
[Date "2000.08.07"]
[Round "5"]
[White "Charbonneau, Pascal"]
[Black "Goldenberg, Danny"]
[Result "0-1"]
[WhiteElo "2326"]
[BlackElo "2310"]
[PlyCount "88"]
[GameId "2160767911652881"]
[EventDate "2000.08.03"]
[EventType "tourn"]
[EventRounds "11"]
[EventCountry "CAN"]
[EventCategory "9"]
[SourceTitle "CBM 079"]
[Source "ChessBase"]
[SourceDate "2000.11.21"]
[SourceVersion "1"]
[SourceVersionDate "2000.11.21"]
[SourceQuality "1"]

1. e4 c5 2. Nf3 Nc6 3. c3 Nf6 4. e5 Nd5 5. Bc4 Nb6 6. Bb3 g6 7. d4 cxd4 8. cxd4 Bg7 9. Bf4 d6 10. exd6 O-O 11. h3 exd6 12. O-O Na5 13. Bc2 Be6 14. Nbd2 Nac4 15. Nxc4 Nxc4 16. b3 Nb6 17. Ng5 Nd5 18. Nxe6 fxe6 19. Be3 Nxe3 20. fxe3 Qg5 21. Qe2 Bh6 22. Rfe1 Qg3 23. Be4 Rf7 24. Bf3 Raf8 25. Rf1 Kh8 26. Kh1 Bg7 27. Qf2 Qg5 28. Qe2 e5 29. Rad1 Qg3 30. Kg1 exd4 31. exd4 Bh6 32. Rd3 Bf4 33. Qe6 Rf5 34. Rc3 Qh2+ 35. Kf2 Bd2 36. Rd3 Bg5 37. Ke2 R8f7 38. Qc8+ Kg7 39. Kd1 d5 40. Qc2 Qf4 41. h4 Qxh4 42. g4 Qxg4 43. Qe2 Rc7 44. Rd2 Qf4 0-1

[Event "Montreal int."]
[Site "Montreal CAN"]
[Date "2000.08.10"]
[Round "7"]
[White "Charbonneau, Pascal"]
[Black "Miladinovic, Igor"]
[Result "1-0"]
[WhiteElo "2326"]
[BlackElo "2563"]
[PlyCount "93"]
[GameId "2160767911652893"]
[EventDate "2000.08.03"]
[EventType "tourn"]
[EventRounds "11"]
[EventCountry "CAN"]
[EventCategory "9"]
[SourceTitle "CBM 079"]
[Source "ChessBase"]
[SourceDate "2000.11.21"]
[SourceVersion "1"]
[SourceVersionDate "2000.11.21"]
[SourceQuality "1"]

1. e4 c6 2. d4 d5 3. exd5 cxd5 4. c4 e6 5. Nc3 Nf6 6. Nf3 Be7 7. cxd5 exd5 8. Bb5+ Nc6 9. Ne5 Bd7 10. Qa4 O-O 11. Nxc6 bxc6 12. Bxc6 Bxc6 13. Qxc6 Bb4 14. O-O Qa5 15. Bf4 Rac8 16. Qb7 Bxc3 17. bxc3 Ne4 18. Rfe1 Rfe8 19. Qb4 Qd8 20. Re3 g5 21. Bg3 h5 22. Rae1 a5 23. Qa3 h4 24. f3 hxg3 25. fxe4 gxh2+ 26. Kxh2 g4 27. Kg1 Qh4 28. g3 Qh6 29. Qxa5 Kg7 30. Qxd5 Rh8 31. e5 Qh2+ 32. Kf1 Rh5 33. Qe4 Rc6 34. R1e2 Qh3+ 35. Qg2 Rf5+ 36. Rf2 Rxf2+ 37. Kxf2 Qh6 38. d5 Rb6 39. d6 Rb2+ 40. Re2 Rb1 41. Qe4 Qh2+ 42. Ke3 Qxg3+ 43. Kd4 Qg1+ 44. Kc4 Rb8 45. Qf5 g3 46. Re4 g2 47. Qf6+ 1-0

[Event "Montreal int."]
[Site "Montreal CAN"]
[Date "2000.08.11"]
[Round "8"]
[White "Charbonneau, Pascal"]
[Black "Duong, Thanh Nha"]
[Result "1/2-1/2"]
[WhiteElo "2326"]
[BlackElo "2380"]
[PlyCount "159"]
[GameId "2160767911652899"]
[EventDate "2000.08.03"]
[EventType "tourn"]
[EventRounds "11"]
[EventCountry "CAN"]
[EventCategory "9"]
[SourceTitle "CBM 079"]
[Source "ChessBase"]
[SourceDate "2000.11.21"]
[SourceVersion "1"]
[SourceVersionDate "2000.11.21"]
[SourceQuality "1"]

1. e4 c6 2. d4 d5 3. exd5 cxd5 4. c4 Nf6 5. Nc3 e6 6. Nf3 Bb4 7. Bd3 O-O 8. O-O dxc4 9. Bxc4 b6 10. Bg5 Bb7 11. Ne5 Bxc3 12. bxc3 Qc7 13. Qe2 Nd5 14. Bd2 Rc8 15. Bd3 Nc6 16. f4 g6 17. Nxc6 Qxc6 18. f5 exf5 19. c4 Nf6 20. d5 Qc5+ 21. Be3 Qe7 22. Rae1 Re8 23. h3 Qa3 24. Qc2 Ne4 25. Bd4 Ng3 26. Rxe8+ Rxe8 27. Rf3 Qd6 28. Qf2 Ne4 29. Re3 Ba6 30. g4 Bc8 31. Qf3 Qe7 32. Qf4 Bd7 33. Bxe4 fxe4 34. Bf6 Qf8 35. Kf2 h6 36. Qc7 Bc8 37. d6 Re6 38. Be7 Qe8 39. Ra3 a6 40. Rxa6 e3+ 41. Ke1 Rxd6 42. Qxd6 Bxa6 43. Qd8 Qxd8 44. Bxd8 Bxc4 45. Bxb6 e2 46. Be3 Kg7 47. h4 f6 48. a4 g5 49. hxg5 fxg5 50. a5 Be6 51. Kxe2 Bxg4+ 52. Kf2 Bc8 53. Kg3 Kg6 54. Bb6 Kf5 55. Bc5 h5 56. Be7 Bb7 57. Bd8 h4+ 58. Kh2 Kg4 59. Be7 Ba6 60. Bd8 Kh5 61. Be7 Bb7 62. Bd8 g4 63. Bc7 Kg6 64. Bd6 Bc8 65. Bc7 Ba6 66. Bd8 Kh5 67. Bc7 Bf1 68. Bd6 Kg6 69. Kg1 Be2 70. Kh2 Ba6 71. Bc7 Bc8 72. Bd6 Kf7 73. Bc7 Ke7 74. Bf4 Kf6 75. Bc7 Ke7 76. Bf4 Ke6 77. Bg5 g3+ 78. Kg2 Bb7+ 79. Kh3 g2 80. Be3 1/2-1/2

[Event "Montreal int."]
[Site "Montreal CAN"]
[Date "2000.08.12"]
[Round "9"]
[White "Kogan, Artur"]
[Black "Charbonneau, Pascal"]
[Result "0-1"]
[WhiteElo "2504"]
[BlackElo "2326"]
[PlyCount "140"]
[GameId "2160767911652907"]
[EventDate "2000.08.03"]
[EventType "tourn"]
[EventRounds "11"]
[EventCountry "CAN"]
[EventCategory "9"]
[SourceTitle "CBM 079"]
[Source "ChessBase"]
[SourceDate "2000.11.21"]
[SourceVersion "1"]
[SourceVersionDate "2000.11.21"]
[SourceQuality "1"]

1. e4 c5 2. Nc3 Nc6 3. g3 g6 4. Bg2 Bg7 5. d3 d6 6. Nf3 e6 7. Bg5 Qa5 8. O-O Nge7 9. Qc1 O-O 10. Nd2 a6 11. Nc4 Qc7 12. a4 b6 13. Bh6 Rb8 14. Bxg7 Kxg7 15. Qf4 e5 16. Qh4 b5 17. axb5 axb5 18. Ne3 b4 19. Nb1 Nd4 20. f4 b3 21. fxe5 dxe5 22. c3 Nc2 23. Nxc2 bxc2 24. Na3 f6 25. Nxc2 Rxb2 26. Ne3 Be6 27. Nd5 Bxd5 28. exd5 Nf5 29. Qe4 Nd6 30. Qa4 c4 31. Qa7 Rb7 32. Qe3 cxd3 33. Ra6 Nc4 34. Qxd3 Rb6 35. Ra2 Qc5+ 36. Kh1 Rfb8 37. Qf3 f5 38. g4 f4 39. Qe4 Re8 40. Ra7+ Kg8 41. Rfa1 Nd6 42. Qa4 Reb8 43. Ra8 Qxc3 44. Qd7 Qc8 45. Rxb8 Qxb8 46. h4 Rb1+ 47. Rxb1 Qxb1+ 48. Kh2 Qb8 49. h5 Nf7 50. hxg6 hxg6 51. Qc6 Kg7 52. Be4 Qd6 53. Kg2 Kf6 54. Qc2 Ng5 55. Qd3 Nxe4 56. Qxe4 Kg5 57. Qf3 Qb4 58. Qd1 Qe4+ 59. Kh2 Qd4 60. Qf3 e4 61. Qa3 Qd2+ 62. Kh1 Qxd5 63. Qe7+ Kxg4 64. Qf6 Kf3 65. Qxg6 Qd1+ 66. Kh2 Qe2+ 67. Kh3 Qf1+ 68. Kh2 Qf2+ 69. Kh1 Qh4+ 70. Kg1 Qg3+ 0-1

[Event "Montreal int."]
[Site "Montreal CAN"]
[Date "2000.08.13"]
[Round "10"]
[White "Charbonneau, Pascal"]
[Black "Smagin, Sergey"]
[Result "0-1"]
[WhiteElo "2326"]
[BlackElo "2605"]
[PlyCount "46"]
[GameId "2160767911652911"]
[EventDate "2000.08.03"]
[EventType "tourn"]
[EventRounds "11"]
[EventCountry "CAN"]
[EventCategory "9"]
[SourceTitle "CBM 079"]
[Source "ChessBase"]
[SourceDate "2000.11.21"]
[SourceVersion "1"]
[SourceVersionDate "2000.11.21"]
[SourceQuality "1"]

1. e4 c6 2. d4 d5 3. exd5 cxd5 4. c4 Nf6 5. Nc3 e6 6. Nf3 Bb4 7. Bd3 dxc4 8. Bxc4 O-O 9. O-O a6 10. a4 Nc6 11. Bg5 h6 12. Bh4 Be7 13. Re1 Nd5 14. Bxd5 Bxh4 15. Bxc6 bxc6 16. Nxh4 Qxh4 17. Ne4 Rd8 18. Qc2 Rb8 19. Qc3 Rd5 20. Rad1 a5 21. Rd3 Rb4 22. Qxc6 Qd8 23. Nc3 Bb7 0-1

[Event "Montreal int."]
[Site "Montreal CAN"]
[Date "2000.08.14"]
[Round "11"]
[White "Rozentalis, Eduardas"]
[Black "Charbonneau, Pascal"]
[Result "1/2-1/2"]
[WhiteElo "2570"]
[BlackElo "2326"]
[PlyCount "113"]
[GameId "2160767911652920"]
[EventDate "2000.08.03"]
[EventType "tourn"]
[EventRounds "11"]
[EventCountry "CAN"]
[EventCategory "9"]
[SourceTitle "CBM 079"]
[Source "ChessBase"]
[SourceDate "2000.11.21"]
[SourceVersion "1"]
[SourceVersionDate "2000.11.21"]
[SourceQuality "1"]

1. e4 c5 2. Nf3 Nc6 3. Bb5 g6 4. O-O Bg7 5. Re1 Nf6 6. e5 Nd5 7. Nc3 Nc7 8. Bxc6 dxc6 9. Ne4 Ne6 10. d3 O-O 11. Be3 b6 12. Qd2 Re8 13. Bh6 Bh8 14. Neg5 f6 15. Nxe6 Bxe6 16. Qf4 Qd7 17. h4 Bd5 18. Re3 Bxf3 19. Qxf3 fxe5 20. h5 Bf6 21. Rae1 Rac8 22. Qe4 Qd4 23. hxg6 Qxe4 24. Rxe4 hxg6 25. Bd2 Red8 26. Bc3 Rd5 27. R1e3 Kf7 28. b3 Rh8 29. g3 Rh5 30. Kg2 Rh8 31. Bb2 Rhd8 32. g4 Rh8 33. Rg3 g5 34. Rf3 Kg6 35. Rfe3 Rh4 36. f3 Rd8 37. Bxe5 Rdh8 38. Bg3 Rh1 39. Re1 Rxe1 40. Rxe1 Kf7 41. Re4 Rd8 42. Ra4 Rd7 43. Bb8 a5 44. Re4 Bd4 45. Bg3 a4 46. Bf2 axb3 47. axb3 Bxf2 48. Kxf2 Ra7 49. Ke3 Ra2 50. Kd2 Kf6 51. Rc4 e5 52. Re4 Ra1 53. Re2 Rh1 54. Ke3 b5 55. Kd2 Ke6 56. c3 Ra1 57. Re4 1/2-1/2

[Event "Quebec op"]
[Site "Montreal CAN"]
[Date "2000.07.22"]
[Round "1"]
[White "Miladinovic, Igor"]
[Black "Charbonneau, Pascal"]
[Result "1-0"]
[WhiteElo "2563"]
[BlackElo "2326"]
[PlyCount "65"]
[GameId "2160767911653028"]
[EventDate "2000.07.22"]
[EventType "swiss"]
[EventRounds "9"]
[EventCountry "CAN"]
[SourceTitle "EXT 2002"]
[Source "ChessBase"]
[SourceDate "2001.11.25"]
[SourceVersion "1"]
[SourceVersionDate "2001.11.25"]
[SourceQuality "1"]

1. d4 d5 2. Nc3 Nf6 3. Bg5 Nbd7 4. f3 c6 5. e4 dxe4 6. fxe4 Qa5 7. e5 Ne4 8. Bd2 Nxd2 9. Qxd2 e6 10. Nf3 Bb4 11. a3 c5 12. Rb1 Bxc3 13. bxc3 Qxa3 14. Bd3 f5 15. d5 O-O 16. dxe6 Nb6 17. e7 Re8 18. Bb5 Be6 19. Bxe8 Rxe8 20. O-O Qa4 21. Qd6 Qd7 22. Qxc5 Qxe7 23. Qd6 Nc4 24. Qxe7 Rxe7 25. Rfd1 h6 26. Nd4 b6 27. Nc6 Rc7 28. Rd8+ Kf7 29. Nd4 Nxe5 30. Re1 Rc5 31. Rf8+ Ke7 32. Ra8 a5 33. Ra6 1-0

[Event "Quebec op"]
[Site "Montreal CAN"]
[Date "2000.07.23"]
[Round "2"]
[White "Charbonneau, Pascal"]
[Black "Beaulieu, Pierre"]
[Result "1-0"]
[WhiteElo "2408"]
[BlackElo "2193"]
[PlyCount "71"]
[GameId "2160767911653043"]
[EventDate "2000.07.22"]
[EventType "swiss"]
[EventRounds "9"]
[EventCountry "CAN"]

1. e4 c5 2. Nf3 Nc6 3. c3 Nf6 4. e5 Nd5 5. d4 cxd4 6. Bc4 Nb6 7. Bb3 e6 8. cxd4 Bb4+ 9. Nc3 d5 10. exd6 Qxd6 11. O-O Bxc3 12. bxc3 Nd5 13. c4 Nde7 14. d5 exd5 15. cxd5 Nb4 16. Qd4 Nexd5 17. Re1+ Be6 18. Bb2 Rg8 19. Rad1 O-O-O 20. Qxa7 Nc6 21. Rc1 Qb8 22. Qa4 Nc7 23. Bxe6+ fxe6 24. Ne5 Qa7 25. Qc2 Rd6 26. Qxh7 Rf8 27. Rc2 Rfd8 28. Qh5 Rd2 29. Rxd2 Rxd2 30. Qf3 Rxb2 31. Qf8+ Nd8 32. Rd1 Nd5 33. Rc1+ Nc7 34. Rxc7+ Kxc7 35. Qe7+ Kb6 36. Qxe6+ 1-0

[Event "Quebec op"]
[Site "Montreal CAN"]
[Date "2000.07.23"]
[Round "3"]
[White "Sarwer, Jeff"]
[Black "Charbonneau, Pascal"]
[Result "1-0"]
[WhiteElo "2164"]
[BlackElo "2408"]
[PlyCount "81"]
[GameId "2160767911653086"]
[EventDate "2000.07.22"]
[EventType "swiss"]
[EventRounds "9"]
[EventCountry "CAN"]

1. d4 d5 2. c4 dxc4 3. e4 Nc6 4. d5 Ne5 5. Bf4 Ng6 6. Bg3 e5 7. Bxc4 Nf6 8. Nc3 a6 9. Qd3 Bd6 10. Nge2 O-O 11. f3 Nh5 12. O-O-O Bd7 13. Bb3 b5 14. Kb1 Rb8 15. Ka1 a5 16. Bf2 Nhf4 17. Nxf4 Nxf4 18. Qf1 b4 19. Nb1 Bb5 20. Bc4 Bxc4 21. Qxc4 Nxg2 22. Rhg1 Nf4 23. Be3 a4 24. Nd2 Qe7 25. Kb1 Ng6 26. Nf1 b3 27. a3 Bxa3 28. bxa3 Qxa3 29. Rg2 Rb4 30. Qc3 Rb5 31. Ng3 Qd6 32. Nf5 Qa6 33. Bc5 Rfb8 34. Ba3 R5b7 35. h4 h5 36. f4 b2 37. fxe5 Rb3 38. Qxc7 Rc8 39. Rxg6 Rxc7 40. Rxa6 Rxa3 41. Rd2 1-0

[Event "Quebec op"]
[Site "Montreal CAN"]
[Date "2000.07.24"]
[Round "4"]
[White "Charbonneau, Pascal"]
[Black "Gaspariants, Garry"]
[Result "1-0"]
[WhiteElo "2326"]
[BlackElo "2206"]
[PlyCount "108"]
[GameId "2160767911653100"]
[EventDate "2000.07.22"]
[EventType "swiss"]
[EventRounds "9"]
[EventCountry "CAN"]
[SourceTitle "EXT 2002"]
[Source "ChessBase"]
[SourceDate "2001.11.25"]
[SourceVersion "1"]
[SourceVersionDate "2001.11.25"]
[SourceQuality "1"]

1. e4 e5 2. Nf3 Nc6 3. d4 exd4 4. Nxd4 Nf6 5. Nxc6 bxc6 6. e5 Qe7 7. Qe2 Nd5 8. c4 Ba6 9. b3 g6 10. f4 Bg7 11. Qf2 Nb6 12. Ba3 Qe6 13. Nd2 f6 14. Bd3 fxe5 15. O-O d6 16. f5 gxf5 17. Bxf5 Qe7 18. Qf3 O-O 19. Qh5 Rxf5 20. Rxf5 Bc8 21. Rff1 Bd7 22. Rae1 c5 23. Ne4 Be8 24. Qg4 Bg6 25. h4 Rf8 26. Bc1 Nd7 27. Bg5 Qe8 28. Rxf8+ Nxf8 29. Ng3 Qe6 30. Qf3 h6 31. Bd2 Qf6 32. Qg4 Qe6 33. Qe2 Qf6 34. h5 Bh7 35. Rf1 Qh4 36. Qf3 Kh8 37. Nf5 Bxf5 38. Qxf5 Qd4+ 39. Qf2 Qxf2+ 40. Kxf2 Ne6 41. Kf3 Kg8 42. Ke4 Nd4 43. g4 a6 44. g5 hxg5 45. Bxg5 Ne2 46. Rf3 Nd4 47. Rf2 Ne6 48. Be7 d5+ 49. Kxd5 Nf4+ 50. Ke4 Nxh5 51. Bxc5 Nf6+ 52. Kf5 c6 53. Bd6 Nd5 54. Bxe5 Ne3+ 1-0

[Event "Quebec op"]
[Site "Montreal CAN"]
[Date "2000.07.25"]
[Round "5"]
[White "Sullivan, Neil"]
[Black "Charbonneau, Pascal"]
[Result "0-1"]
[WhiteElo "2136"]
[BlackElo "2408"]
[PlyCount "80"]
[GameId "2160767911653162"]
[EventDate "2000.07.22"]
[EventType "swiss"]
[EventRounds "9"]
[EventCountry "CAN"]

1. e4 c5 2. Nf3 d6 3. g3 Nc6 4. Bg2 g6 5. O-O Bg7 6. d3 Nf6 7. h3 O-O 8. c3 Rb8 9. Be3 b6 10. Re1 Ba6 11. Qc2 d5 12. e5 Ne8 13. Bf4 Nc7 14. d4 Ne6 15. Be3 Qd7 16. Qd2 Rfc8 17. Na3 Rc7 18. Bf1 Bxf1 19. Kxf1 c4 20. b3 cxb3 21. axb3 Na5 22. Qb2 Rbc8 23. Rac1 Bf8 24. Kg2 Nd8 25. Bd2 e6 26. Red1 b5 27. Ra1 Rb7 28. c4 b4 29. Nb1 Nxc4 30. bxc4 dxc4 31. Rc1 c3 32. Qb3 cxd2 33. Nbxd2 Rbc7 34. Ne4 Be7 35. Qe3 Rxc1 36. Nf6+ Bxf6 37. exf6 e5 38. Rxc1 Rxc1 39. Qh6 Ne6 40. Qxc1 e4 0-1

[Event "Quebec op"]
[Site "Montreal CAN"]
[Date "2000.07.26"]
[Round "6"]
[White "Charbonneau, Pascal"]
[Black "Prahov, Valentin"]
[Result "1-0"]
[WhiteElo "2326"]
[BlackElo "2229"]
[PlyCount "93"]
[GameId "2160767911653167"]
[EventDate "2000.07.22"]
[EventType "swiss"]
[EventRounds "9"]
[EventCountry "CAN"]
[SourceTitle "EXT 2002"]
[Source "ChessBase"]
[SourceDate "2001.11.25"]
[SourceVersion "1"]
[SourceVersionDate "2001.11.25"]
[SourceQuality "1"]

1. e4 c5 2. Nf3 e6 3. c3 Nf6 4. e5 Nd5 5. d4 cxd4 6. cxd4 b6 7. Nc3 Bb7 8. Bd3 Nxc3 9. bxc3 Qc7 10. Bd2 Be7 11. O-O d6 12. Re1 Nd7 13. Bf4 Rc8 14. Rc1 g6 15. c4 Bxf3 16. Qxf3 dxe5 17. dxe5 O-O 18. Qg3 Nc5 19. Bb1 Rfd8 20. h4 Bf8 21. h5 Rd4 22. Be3 Rd7 23. Bg5 Bg7 24. Qf4 Nd3 25. Bxd3 Rxd3 26. Re4 Qd7 27. Kh2 Rd1 28. Rc3 Rd3 29. Rxd3 Qxd3 30. h6 Bf8 31. Rd4 Qf5 32. Qxf5 exf5 33. Rd7 Ra8 34. Kg3 Bc5 35. e6 fxe6 36. Rg7+ Kf8 37. Rxh7 Bd4 38. Rd7 Be5+ 39. f4 Bh8 40. h7 e5 41. Bh6+ Ke8 42. Rb7 exf4+ 43. Kxf4 Kd8 44. Rf7 Rc8 45. Rf8+ Kd7 46. Rxc8 Kxc8 47. Kg5 1-0

[Event "Quebec op"]
[Site "Montreal CAN"]
[Date "2000.07.27"]
[Round "7"]
[White "Soudre, Nicolas"]
[Black "Charbonneau, Pascal"]
[Result "0-1"]
[WhiteElo "2094"]
[BlackElo "2408"]
[PlyCount "64"]
[GameId "2160767911653222"]
[EventDate "2000.07.22"]
[EventType "swiss"]
[EventRounds "9"]
[EventCountry "CAN"]

1. e4 c5 2. Nc3 Nc6 3. f4 g6 4. Nf3 Bg7 5. Bb5 Nd4 6. Bd3 d6 7. Nxd4 cxd4 8. Ne2 Nf6 9. c3 dxc3 10. bxc3 O-O 11. O-O e5 12. Bc2 d5 13. d4 Nxe4 14. Bxe4 dxe4 15. fxe5 f5 16. exf6 Rxf6 17. Ng3 Rxf1+ 18. Kxf1 Qd5 19. Qe2 Bd7 20. Rb1 Re8 21. Be3 b5 22. Qc2 Rc8 23. Ne2 Qc4 24. Kg1 Qd3 25. Qxd3 exd3 26. Nc1 Rxc3 27. Nb3 Be6 28. Rb2 Rc2 29. Rxc2 dxc2 30. Nc1 b4 31. Kf2 Bxa2 32. Nd3 a5 0-1

[Event "Quebec op"]
[Site "Montreal CAN"]
[Date "2000.07.28"]
[Round "8"]
[White "Charbonneau, Pascal"]
[Black "Khassanov, Marat"]
[Result "1/2-1/2"]
[WhiteElo "2408"]
[BlackElo "2409"]
[PlyCount "86"]
[GameId "2160767911653230"]
[EventDate "2000.07.22"]
[EventType "swiss"]
[EventRounds "9"]
[EventCountry "CAN"]

1. e4 Nf6 2. Nc3 d5 3. e5 d4 4. exf6 dxc3 5. bxc3 gxf6 6. d4 Bf5 7. Qf3 Qc8 8. Bd3 Bxd3 9. cxd3 Nc6 10. Rb1 Qe6+ 11. Ne2 O-O-O 12. Rb3 Rg8 13. O-O Qg4 14. Qe4 f5 15. Qxg4 Rxg4 16. h3 Rg8 17. Nf4 e6 18. Re1 Bg7 19. Rb1 Ne7 20. Bd2 Rd6 21. Nh5 Bh8 22. Re2 Rb6 23. Rbe1 Rb2 24. Bc1 Rxe2 25. Rxe2 Nd5 26. Bd2 Rd8 27. g4 c5 28. c4 Nb4 29. gxf5 Nxd3 30. fxe6 fxe6 31. dxc5 Bd4 32. Be3 Nxc5 33. Nf4 Bxe3 34. Rxe3 Rd4 35. Nxe6 Nxe6 36. Rxe6 Kd7 37. Re2 Rxc4 38. Kg2 Rc3 39. f3 Rc6 40. Kg3 Re6 41. Rd2+ Ke7 42. Rb2 b6 43. Rc2 Kd6 1/2-1/2